[Event "GER-chT U20"]
[Site "Borken"]
[Date "2016.12.30"]
[Round "7.6"]
[White "Werle, Joshua"]
[Black "Nguyen Dang, Lukas"]
[Result "1-0"]
[WhiteElo "1677"]
[BlackElo "1734"]
[PlyCount "85"]
[EventDate "2016.12.27"]
[EventType "team-swiss"]
[EventRounds "7"]
[EventCountry "GER"]
[SourceTitle "EXT 2018"]
[Source "ChessBase"]
[SourceDate "2017.10.13"]
[SourceVersion "1"]
[SourceVersionDate "2017.10.13"]
[SourceQuality "1"]
[WhiteTeam "Frankfurt"]
[BlackTeam "Plauen Koenig"]
[WhiteTeamCountry "GER"]
[BlackTeamCountry "GER"]

1. d4 Nf6 2. c4 e6 3. Nc3 c5 4. d5 exd5 5. cxd5 d6 6. e4 g6 7. f4 Bg7 8. Nf3 Bg4 9. Be2 Bxf3 10. Bxf3 0-0 11. 0-0 a6 12. a4 Nbd7 13. Be3 Re8 14. Bf2 Rb8 15. a5 b5 16. Qc2 Qc7 17. Bg3 b4 18. Nd1 Rb5 19. Ne3 Rxa5 20. Rxa5 Qxa5 21. Nc4 Qc7 22. e5 Nh5 23. Bxh5 gxh5 24. Nxd6 Rf8 25. Nf5 Nb6 26. d6 b3 27. Qf2 Qd7 28. Nxg7 Kxg7 29. Bh4 h6 30. Bf6+ Kh7 31. Qg3 Qg4 32. Qxg4 hxg4 33. Ra1 Nd5 34. Bh4 f6 35. Rd1 Nxf4 36. d7 Ne6 37. Rd6 Rf7 38. Rxe6 Rxd7 39. Rd6 Rc7 40. Bxf6 a5 41. e6 Kg8 42. Rd8+ Kh7 43. Rd7+ 1-0

[Event "GER-chT U20"]
[Site "Osnabrueck"]
[Date "2015.12.28"]
[Round "4.5"]
[White "Werle, Joshua"]
[Black "Baltic, Fatih"]
[Result "0-1"]
[WhiteElo "1651"]
[BlackElo "1952"]
[PlyCount "94"]
[EventDate "2015.12.27"]
[EventType "team-swiss"]
[EventRounds "7"]
[EventCountry "GER"]
[SourceTitle "EXT 2017"]
[Source "ChessBase"]
[SourceDate "2016.10.25"]
[SourceVersion "1"]
[SourceVersionDate "2016.10.25"]
[SourceQuality "1"]
[WhiteTeam "Frankfurt"]
[BlackTeam "Porz SG"]
[WhiteTeamCountry "GER"]
[BlackTeamCountry "GER"]

1. d4 Nf6 2. c4 g6 3. Nc3 Bg7 4. e4 d6 5. f4 0-0 6. Nf3 Na6 7. Be2 e5 8. 0-0 exd4 9. Nxd4 Nc5 10. Bf3 Re8 11. Re1 a5 12. Nb3 Ne6 13. Be3 a4 14. Nd4 Nc5 15. Bf2 c6 16. Qd2 Be6 17. Nxe6 Nxe6 18. Rad1 Qa5 19. e5 dxe5 20. fxe5 Rad8 21. Qc2 Nd7 22. Qxa4 Qxa4 23. Nxa4 Nxe5 24. Be2 Bf6 25. Bb6 Rxd1 26. Rxd1 Bd8 27. Bxd8 Nxd8 28. Nc5 Ne6 29. Nxe6 Rxe6 30. Rd8+ Kg7 31. Kf2 Kf6 32. Rb8 Re7 33. Rd8 Nd7 34. b4 Ke5 35. Ke3 Kd6+ 36. Kd2 Re4 37. Kd3 Rh4 38. h3 Ke7 39. Rc8 Ne5+ 40. Kc3 Kd7 41. Rb8 Kc7 42. Re8 Re4 43. Bd1 Kd7 44. Rb8 Rxc4+ 45. Kb3 Kc7 46. Re8 Re4 47. Bf3 Nxf3 0-1

[Event "Hessen-ch op-B"]
[Site "Frankfurt Sossenheim"]
[Date "2015.??.??"]
[Round "4"]
[White "Werle, Joshua"]
[Black "Sciurti, Domenico"]
[Result "1-0"]
[WhiteElo "1776"]
[BlackElo "1583"]
[PlyCount "89"]
[EventDate "2015.05.13"]
[EventType "swiss"]
[EventRounds "7"]
[EventCountry "GER"]
[SourceTitle "EXT 2016"]
[Source "ChessBase"]
[SourceDate "2015.10.08"]
[SourceVersion "1"]
[SourceVersionDate "2015.10.08"]
[SourceQuality "1"]

1. d4 f5 2. e4 e6 3. Nc3 g6 4. exf5 exf5 5. Bc4 Nf6 6. Bg5 Bg7 7. Nf3 h6 8. Bxf6 Bxf6 9. 0-0 d6 10. Re1+ Kf8 11. Be6 Na6 12. Nd5 Kg7 13. Nf4 Kh7 14. Bf7 g5 15. Ng6 Rg8 16. Bxg8+ Kxg8 17. h4 gxh4 18. Qe2 Kg7 19. Nf4 Bd7 20. Nh5+ Kg6 21. Nxf6 Qxf6 22. Qe7 Qxe7 23. Rxe7 Bc6 24. Rae1 Bxf3 25. gxf3 Rf8 26. R1e6+ Rf6 27. c3 Rxe6 28. Rxe6+ Kg5 29. b4 c5 30. bxc5 dxc5 31. d5 c4 32. f4+ Kxf4 33. d6 Nc5 34. Re7 Kg4 35. d7 Nxd7 36. Rxd7 h5 37. Rd4+ f4 38. Rxc4 Kh3 39. Rxf4 b5 40. Rf7 a5 41. Rb7 b4 42. cxb4 axb4 43. Rb6 Kg4 44. Rxb4+ Kh3 45. Rb3+ 1-0

[Event "GER-chT U20"]
[Site "Naumburg Saale"]
[Date "2014.12.30"]
[Round "7.6"]
[White "Alber, Alexander"]
[Black "Werle, Joshua"]
[Result "1-0"]
[WhiteElo "1962"]
[BlackElo "1665"]
[PlyCount "97"]
[EventDate "2014.12.27"]
[EventType "team-swiss"]
[EventRounds "7"]
[EventCountry "GER"]
[SourceTitle "EXT 2016"]
[Source "ChessBase"]
[SourceDate "2015.10.08"]
[SourceVersion "1"]
[SourceVersionDate "2015.10.08"]
[SourceQuality "1"]
[WhiteTeam "Bebenhausen"]
[BlackTeam "Frankfurt TV"]
[WhiteTeamCountry "GER"]
[BlackTeamCountry "GER"]

1. Nf3 d5 2. d4 Nc6 3. c4 Bg4 4. e3 e5 5. Be2 e4 6. cxd5 exf3 7. gxf3 Qxd5 8. e4 Qxd4 9. fxg4 Qxe4 10. 0-0 Rd8 11. Bf3 Rxd1 12. Bxe4 Rxf1+ 13. Kxf1 Kd7 14. Nc3 Bd6 15. Be3 Bxh2 16. f4 g5 17. Rd1+ Kc8 18. fxg5 Nge7 19. Kg2 Bd6 20. Nb5 Be5 21. Rf1 a6 22. Nc3 Nd8 23. Bc5 Kd7 24. Rd1+ Ke8 25. Rh1 Ng6 26. Re1 Ne6 27. Bxg6 Nf4+ 28. Kf3 Nxg6 29. Bd4 f6 30. gxf6 Kf7 31. Bxe5 Nxe5+ 32. Rxe5 Kxf6 33. Kf4 c6 34. Ne4+ Kg6 35. Re6+ Kf7 36. Ng5+ Kg7 37. Re7+ Kg6 38. Re6+ Kg7 39. Ke5 h6 40. Ne4 h5 41. gxh5 Rxh5+ 42. Kd6 Rb5 43. b3 Ra5 44. Nc3 b5 45. Kc5 b4+ 46. Kxb4 Rf5 47. Rxc6 a5+ 48. Kc4 Rf2 49. Kb5 1-0

[Event "GER-chT U20"]
[Site "Naumburg Saale"]
[Date "2014.12.28"]
[Round "4.6"]
[White "Schamschurko, Victor"]
[Black "Werle, Joshua"]
[Result "0-1"]
[WhiteElo "1687"]
[BlackElo "1665"]
[PlyCount "60"]
[EventDate "2014.12.27"]
[EventType "team-swiss"]
[EventRounds "7"]
[EventCountry "GER"]
[SourceTitle "EXT 2016"]
[Source "ChessBase"]
[SourceDate "2015.10.08"]
[SourceVersion "1"]
[SourceVersionDate "2015.10.08"]
[SourceQuality "1"]
[WhiteTeam "Dresden TU"]
[BlackTeam "Frankfurt TV"]
[WhiteTeamCountry "GER"]
[BlackTeamCountry "GER"]

1. e4 Nf6 2. e5 Nd5 3. c4 Nb6 4. d4 d6 5. exd6 exd6 6. Nf3 Be7 7. Nc3 0-0 8. Bd3 Be6 9. b3 Re8 10. 0-0 d5 11. c5 N6d7 12. Bf4 c6 13. Ne2 Bg4 14. Ng3 Bf6 15. Be2 b6 16. Rc1 bxc5 17. dxc5 Qa5 18. Qc2 Bxf3 19. Bxf3 Na6 20. Bd2 Qa3 21. Rfd1 Rab8 22. Be2 Nb4 23. Bxb4 Rxb4 24. Nf5 a5 25. Nd6 Reb8 26. Rd3 a4 27. Bd1 axb3 28. axb3 Be7 29. Rb1 Nxc5 30. Qxc5 Re4 0-1

[Event "GER-chT U20"]
[Site "Naumburg Saale"]
[Date "2014.12.27"]
[Round "1.6"]
[White "Werle, Joshua"]
[Black "Groetzbach, Daniel"]
[Result "0-1"]
[WhiteElo "1665"]
[BlackElo "1900"]
[PlyCount "56"]
[EventDate "2014.12.27"]
[EventType "team-swiss"]
[EventRounds "7"]
[EventCountry "GER"]
[SourceTitle "EXT 2016"]
[Source "ChessBase"]
[SourceDate "2015.10.08"]
[SourceVersion "1"]
[SourceVersionDate "2015.10.08"]
[SourceQuality "1"]
[WhiteTeam "Frankfurt TV"]
[BlackTeam "Hamburger SK"]
[WhiteTeamCountry "GER"]
[BlackTeamCountry "GER"]

1. d4 d5 2. c4 c6 3. Nf3 Nf6 4. Nc3 e6 5. g3 Nbd7 6. Bg2 Be7 7. 0-0 0-0 8. Qc2 Re8 9. Bf4 a6 10. e4 dxc4 11. a4 c5 12. Ne2 cxd4 13. Nexd4 c3 14. Rab1 Nc5 15. e5 Nd5 16. b4 Nd7 17. b5 Nc5 18. Ne2 Qa5 19. Ra1 Bd7 20. Nfd4 Nb4 21. Qxc3 Rac8 22. Rfd1 Nxa4 23. Qb3 axb5 24. Nc3 Rxc3 25. Rxa4 Qxa4 26. Qxc3 Qxd1+ 27. Bf1 Rc8 28. Qb2 Nd5 0-1

[Event "Karl Mala Memorial op-B 16th"]
[Site "Frankfurt"]
[Date "2013.07.12"]
[Round "3"]
[White "Werle, Joshua"]
[Black "Reinecke, Katharina"]
[Result "1/2-1/2"]
[WhiteElo "1132"]
[BlackElo "1608"]
[PlyCount "54"]
[EventDate "2013.07.11"]
[EventType "swiss"]
[EventRounds "7"]
[EventCountry "GER"]
[SourceTitle "CBM 155 Extra"]
[Source "ChessBase"]
[SourceDate "2013.08.26"]
[SourceVersion "1"]
[SourceVersionDate "2013.08.26"]
[SourceQuality "1"]

1. e4 c6 2. d4 d5 3. exd5 cxd5 4. Bd3 Nc6 5. c3 Nf6 6. Bf4 Bg4 7. Nf3 e6 8. Nbd2 Bd6 9. Bxd6 Qxd6 10. 0-0 0-0 11. Re1 a6 12. Qc2 Rac8 13. h3 Bh5 14. Ne5 Nxd4 15. Qa4 Nc6 16. Ndf3 Nd7 17. Nxd7 Qxd7 18. Qh4 Bg6 19. Bxg6 fxg6 20. Ng5 h6 21. Nxe6 Rf6 22. Nd4 Nxd4 23. Qxd4 Qf7 24. Rad1 Rd8 25. Re5 Rfd6 26. Rde1 R6d7 27. R1e2 Kh7 1/2-1/2